| 000 | 01012cam a22003252 4500 | ||
|---|---|---|---|
| 999 |
_c3736 _d3736 |
||
| 001 | 012807787 | ||
| 003 | ALUPE UNIVERSITY | ||
| 005 | 20220207064615.0 | ||
| 008 | 791204s1980 nyua b 001 0 eng | ||
| 010 | _a79028305 //r943 | ||
| 020 | _a0838512003 (pbk.) | ||
| 035 | _aOCLC ocm05831647 from D970806M | ||
| 040 |
_aDLC _cALUPE UNIVERSITY _dVET _dNLM _dEQO |
||
| 050 | 0 | 0 |
_aRT84.5 _b.R53 1980 |
| 060 | 0 |
_aWY 100 _bC744 1980 |
|
| 082 | 0 | 0 | _a610.73/01 |
| 100 | 1 | _aRiehl-Sisca, Joan. | |
| 245 | 0 | 0 |
_aConceptual models for nursing practice / _c[edited by] Joan P. Riehl, Callista Roy. |
| 250 | _a2d ed. | ||
| 260 |
_aNew York : _bAppleton-Century-Crofts, _cc1980. |
||
| 300 |
_axvi, 416 p. : _bill. ; _c23 cm. |
||
| 504 | _aIncludes bibliographies and index. | ||
| 650 | 0 |
_aNursing _xPhilosophy. |
|
| 650 | 0 | _aNursing models. | |
| 650 | 2 | _aModels, Theoretical | |
| 650 | 2 | _aNursing | |
| 700 | 1 | _aRoy, Callista. | |
| 942 |
_2lcc _cBK _nBA |
||